| 000 | 01347nam a22003610a 4500 | ||
|---|---|---|---|
| 001 | PT7706 | ||
| 003 | AR-LpoUNG | ||
| 005 | 20210131232219.0 | ||
| 008 | 191001s1996||||ag |||||||||||||||||spa d | ||
| 020 |
_a9505771746 _c$9.60 |
||
| 040 |
_aAR-LpoUNG _bspa _cAR-LpoUNG _eaacr |
||
| 041 | _aspa | ||
| 044 | _aag | ||
| 082 | 0 | _a980.033 25es | |
| 100 | 1 | _aO'Donnell, Guillermo | |
| 245 | 1 | 0 |
_a1966-1973 : _bel Estado burocrático autoritario : triunfos, derrotas y crisis |
| 250 | _a2da. ed. | ||
| 260 |
_aBuenos Aires : _bBelgrano, _c1996. |
||
| 300 |
_a500 p. : _btbls. |
||
| 520 | _a<p>En el Estado burocrático autoritario, el autor ofrece la respuesta más iluminadora a un conjunto de preguntas clásicas. Su explicación engarza cuidadosamente el agotamiento histórico de la industrialización sustitutiva, la crisis socio-política subsiguiente y la emergencia de un tipo de Estado empeñado en la desactivación represiva del sector popular y la transnacionalización de la economía.</p> | ||
| 650 | 4 | _aAMERICA LATINA | |
| 650 | 4 | _aAUTORITARISMO | |
| 650 | 4 | _aDEMOCRACIA | |
| 650 | 4 | _aDICTADURA | |
| 650 | 4 | _aESTADO | |
| 650 | 4 | _aPARTICIPACION DEL ESTADO | |
| 650 | 4 | _aPROBLEMAS SOCIALES | |
| 650 | 4 | _aSISTEMAS POLITICOS | |
| 650 | 4 | _aTERRORISMO | |
| 651 | 4 | _aAmérica Latina | |
| 905 | _a7706 | ||
| 942 | _cLIB | ||
| 999 |
_c14377 _d14377 |
||